UBT Library

Psychiatric nursing care plans: (Record no. 2291)

000 -LEADER
fixed length control field 00360nam a22001337a 4500
008 - FIXED-LENGTH DATA ELEMENTS--GENERAL INFORMATION
fixed length control field 160520b xxu||||| |||| 00| 0 eng d
020 ## - INTERNATIONAL STANDARD BOOK NUMBER
International Standard Book Number 9780323039819
020 ## - INTERNATIONAL STANDARD BOOK NUMBER
International Standard Book Number 9780323039819
020 ## - INTERNATIONAL STANDARD BOOK NUMBER
International Standard Book Number 0323039812
041 ## - LANGUAGE CODE
Language code of text/sound track or separate title eng
080 ## - UNIVERSAL DECIMAL CLASSIFICATION NUMBER
Universal Decimal Classification number 618.2
245 ## - TITLE STATEMENT
Title Psychiatric nursing care plans:
Statement of responsibility, etc Katherine M. Fortinash; Patricia A. Holoday Worret;
942 ## - ADDED ENTRY ELEMENTS (KOHA)
Source of classification or shelving scheme
Item type Books
Holdings
Withdrawn status Lost status Source of classification or shelving scheme Damaged status Not for loan Collection code Permanent location Current location Shelving location Date acquired Total Checkouts Full call number Barcode Date last seen Price effective from Koha item type
          Koleksioni i përgjithshem UBT - Lipjan UBT - Lipjan Koleksioni i përgjithshem 05/20/2016   618.2 FOR 002-035588 04/04/2017 05/20/2016 Books
UBT Library © 2015-2024. All rights reserved University Education for Business and Technology